| 000 | 00697nam a2200241 a 4500 | ||
|---|---|---|---|
| 008 | |||
| 020 | _a0198742045 (pbk.) | ||
| 049 | _aMAIN | ||
| 090 | _aH62 | ||
| 100 | 1 | _aBryman, Alan. | |
| 245 | 1 | 0 |
_aSocial research methods / _cAlan Bryman. |
| 260 |
_aOxford : _bOxford University Press, _c2001. |
||
| 300 |
_axiv, 540 p. : _bill. ; _c26 cm. |
||
| 504 | _aIncludes bibliographical references. | ||
| 500 | _aIncludes index. | ||
| 650 | 0 |
_aSocial sciences _xResearch. |
|
| 650 | 0 |
_aSocial sciences _xMethodology. |
|
| 907 |
_a.b10152349 _b21-07-11 _c21-02-05 |
||
| 003 | |||
| 005 | 20240815144132.0 | ||
| 040 | _cNUST | ||
| 942 |
_cBOOKS _kH62 _01 |
||
| 999 |
_c156982 _d156982 |
||